| 000 | 00579nam a2200193Ia 4500 | ||
|---|---|---|---|
| 005 | 20221031103122.0 | ||
| 008 | 131103s9999 xx 000 0 und d | ||
| 040 | _aLoreto College | ||
| 041 | _aEnglish | ||
| 082 |
_a100 _bALS |
||
| 245 | 4 |
_aThe Problems of philosophy _b introductory readings _cedited by William P. Alston and Richard B. Brandit |
|
| 260 |
_aBoston _bAllyn and Bacon _c1967 |
||
| 300 | _aix,722p | ||
| 504 | _aIncludes bibliographical references and index | ||
| 650 | _aPhilosophy | ||
| 700 | _aAlston, William P. , ed. | ||
| 850 | _aLCLIB | ||
| 942 | _cBK | ||
| 999 |
_c18283 _d68762 |
||